000 00717cam a22002653a 4500
001 1977
003 PGUSA
005 20140828083009.0
008 991101s1999||||xxu|||||s|||||000 | eng d
040 _aPGUSA
_beng
042 _adc
050 4 _aPQ
100 1 _aRacine, Jean,
_d1639-1699
245 1 0 _aPhaedra
_h[electronic resource] /
_cJean Racine
260 _bProject Gutenberg,
_c1999
506 _aPublic domain in the USA.
516 _aElectronic text
653 _aTragedies
653 _aPhaedra (Greek mythology) -- Drama
700 1 _aBoswell, Robert Bruce
740 0 _aPhèdre. English
830 0 _aProject Gutenberg
_v1977
856 4 0 _uhttp://www.gutenberg.org/ebooks/1977
942 _cEB
999 _c231318
_d231318